<?xml version="1.0" encoding="UTF-8"?>
<marc:record xmlns:marc="http://www.loc.gov/MARC21/slim">
   <marc:leader>00000nam a2200000 a 4500</marc:leader>
   <marc:datafield ind1="1" ind2=" " tag="100">
      <marc:subfield code="a">Resch, Verena</marc:subfield>
      <marc:subfield code="4">aut</marc:subfield>
      <marc:subfield code="e">Verfasser/-in</marc:subfield>
   </marc:datafield>
   <marc:datafield ind1=" " ind2=" " tag="653">
      <marc:subfield code="a">s||Schriftliche Hausarbeit</marc:subfield>
   </marc:datafield>
   <marc:datafield ind1=" " ind2=" " tag="653">
      <marc:subfield code="a">Alland</marc:subfield>
   </marc:datafield>
   <marc:datafield ind1=" " ind2=" " tag="653">
      <marc:subfield code="a">Bibliothekskonzept</marc:subfield>
   </marc:datafield>
   <marc:datafield ind1=" " ind2=" " tag="653">
      <marc:subfield code="a">Gründung</marc:subfield>
   </marc:datafield>
   <marc:datafield ind1=" " ind2=" " tag="653">
      <marc:subfield code="a">Bedarfserhebung</marc:subfield>
   </marc:datafield>
   <marc:datafield ind1="0" ind2="0" tag="245">
      <marc:subfield code="a">Eine Bibliothek blüht auf - von Knopsen, Blüten und ersten Früchten</marc:subfield>
   </marc:datafield>
   <marc:datafield ind1="0" ind2="0" tag="245">
      <marc:subfield code="b">Businessplan zur Errichtung einer Bibliothek in der Marktgemeinde Alland</marc:subfield>
   </marc:datafield>
   <marc:datafield ind1="0" ind2="0" tag="245">
      <marc:subfield code="c">Verena Resch</marc:subfield>
   </marc:datafield>
   <marc:datafield ind1=" " ind2="1" tag="264">
      <marc:subfield code="a">Marktgemeinde Alland</marc:subfield>
      <marc:subfield code="b">Öffentliche Bibliothek Alland</marc:subfield>
      <marc:subfield code="c">2019</marc:subfield>
   </marc:datafield>
   <marc:datafield ind1="1" ind2=" " tag="490">
      <marc:subfield code="a">EA-Kurs 130</marc:subfield>
   </marc:datafield>
   <marc:datafield ind1="1" ind2=" " tag="520">
      <marc:subfield code="a">Im Rahmen der Projektarbeit wird der Weg zur Gründung einer Öffentlichen Bibliothek beschrieben. Im Vordergrund stehen dabei Gespräche mit dem zukünftigen Träger, Präsentationen und die Ausarbeitung eines Budgetplans als Entscheidungsgrundlage sowie Überlegungen zur Teambildung und zum ersten Auftritt in der Öffentlichkeit. Neben den Vorbereitungsarbeiten wurde bereits ein aktiver Beitrag im Rahmen der Vorstellung des Bibliotheksprojektes beim Allander Advent 2018 gesetzt. So konnten durch eine Umfrage der Bedarf und das Interesse für Mitarbeiter erhoben, durch persönliche Gespräche Informationen weitergegeben und mittels bedruckter Buchsäckchen Spenden für die Bibliothek eingenommen werden.</marc:subfield>
   </marc:datafield>
   <marc:datafield ind1=" " ind2=" " tag="041">
      <marc:subfield code="a">ger</marc:subfield>
   </marc:datafield>
   <marc:datafield ind1=" " ind2=" " tag="300">
      <marc:subfield code="a">25 Seiten, Illustrationen</marc:subfield>
   </marc:datafield>
</marc:record>
